Coupe du Monde de Rugby 2023 - Statistiques

Statistiques générales
  • Ce quiz a été pris 376 fois
  • Le résultat moyen est 17 sur 20
Statistiques - réponses
Réponse % Correct
France
100%
Nouvelle-Zélande
99%
Irlande
98%
Angleterre
97%
Italie
97%
Australie
96%
Afrique du Sud
95%
Ecosse
94%
Fidji
93%
Argentine
91%
Namibie
90%
Japon
87%
Portugal
86%
Samoa
86%
Tonga
84%
Uruguay
83%
Géorgie
73%
Roumanie
73%
Chili
69%
Galles
59%
Aucun quiz correspondant
Distribution des résultats
% des personnes avec chaque résultat
Percentile par nombre de réponses
Votre historique - résultats
Vous n’avez pas pris ce quiz